000 02248nam0a2200421 4500
001 RU\NLR\bibl\547507
005 20260408194742.0
010 _a5-9520-0014-2
_bв обл.
_9150
021 _aRU
_b2004-16421
_9847
035 _aRSL-KNO-002415524
035 _a(NLR Aleph) 000539706
090 _a1405106
_c1405106
100 _a20040326d2003 |||y0rusy50 ca
101 0 _arus
_erus
_eeng
102 _aRU
105 _ay |||||||||
106 _ar
200 1 _aРоссия и страны Центральной и Юго-Восточной Европы: взаимоотношения в начале XXI века
_dRussia and countries of Central and South-East Europe: mutual relationships at the onset of the 21 century
_fРос. акад. наук. Ин-т междунар. экон. и полит. исслед. (ИМЭПИ)
_g[Редкол.: И.И. Орлик (отв. ред.) и др.]
210 _aМ.
_d2003
_eТип. Ред.-издат. группы ИМЭПИ РАН
215 _a268 с.
_cтабл.
_d20
300 _aПарал. тит. л. англ.
320 _aБиблиогр. в подстроч. примеч.
510 0 _aRussia and countries of Central and South-East Europe: mutual relationships at the onset of the 21 century
607 _aРоссийская Федерация
_xВзаимоотношения
_yВосточноевропейские страны
_92295177
_3RU\NLR\auth\661374367
607 _aВосточноевропейские страны
_xВзаимоотношения
_yРоссийская Федерация
_92295178
_3RU\NLR\AUTH\661374368
686 _aТ3(2Р)64-643(45),02
_2rubbk
686 _aТ3(45)64-64(2Р),02
_2rubbk
686 _aТ3(2)74-64(0)
686 _aТ3(0)63-64(2)
702 1 _4340
_aОрлик
_bИ. И.
_f1925-
_gИгорь Иванович
_9191639
_3RU\NLR\AUTH\770191690
712 0 2 _4570
_aИнститут международных экономических и политических исследований
_cМосква
_9427794
_3RU\NLR\AUTH\889965765
801 0 _aRU
_bRuMoRKP
_c20040326
_gPSBO
801 1 _aRU
_bRuMoRKP
_c20040326
801 2 _aRU
_bNLR
_c20040827
_gPSBO
942 _cBOOK
980 _aNB